Responses for show #1724 - Thursday, February 13, 1992

Contestants

Dan Woloshen, a lawyer originally from Peabody, Massachusetts

Anita Dorsett, an information management director from Houston, Texas

Santina Lonergan, a secondary teacher from Scranton, Pennsylvania (whose 1-day cash winnings total $8,401)

Jeopardy! Round responses

NOTORIOUS
CARD GAMES
BIBLICAL QUOTES
COFFEE
DIOR
"MILK"
    $100 7
Nero

Anita
    $100 20
honeymoon bridge

Anita
    $100 24
Gomorrah

Dan
    $100 12
beans

Dan
    $100 3
Christian

Dan
    $100 1
condensed milk

Santina
    $200 8
"Pretty Boy" Floyd

Anita
    $200 21
gin

Dan
    $200 25
(Alex: And we have a minute left.)

his mother

Santina
    $200 13
caffeine

Anita
    $200 16
Paris

Anita
    $200 2
milk of magnesia

Anita
    $300 9
USSR (Soviet Union)

Anita
    $300 22
pinochle

Dan
    $300 26
Diana

Anita
    $300 14
cafe au lait

Dan
    $300 17
Yves Saint Laurent

Anita
    $300 4
Harvey Milk

Dan
    $400 10
Anna Sage

Triple Stumper
    $300 23
(Dan: What is poker?)

solitaire

Dan
    $400 29
chosen

Santina
    $400 15
Juan Valdez

Santina
    $400 18
A-Line

Santina
    $400 5
the milk train

Santina
    $500 11
(Anita: What is a train?)

stagecoach

Anita
Triple Stumper
    $500 27
canasta

Anita
    $500 30
sword

Dan
    $500 28
(Santina: What is espresso?)

coffee roasts

Santina
Triple Stumper
    $500 19
Poison

Anita
    $500 6
the milk of human kindness

Dan

Scores at the first commercial break (after clue 15):

Santina Anita Dan
$900 $500 $1,300

Scores at the end of the Jeopardy! Round:

Santina Anita Dan
$1,400 $2,400 $2,100

Double Jeopardy! Round responses

WORLD GEOGRAPHY
FAMOUS NAMES
EDUCATION
19th CENTURY AMERICA
ACTORS & ACTRESSES
LEWIS CARROLL
    $200 18
the French Riviera

Dan
    $200 1
Joe DiMaggio

Dan
    $200 23
Johnny

Anita
    $200 6
slavery

Anita
    $200 10
Norma Jean

Santina
    $200 8
Church of England

Anita
    $400 19
Antarctica

Triple Stumper
    $400 2
(Santina: What is Korea?)
(Alex: Which one?)
(Santina: South Korea.)

North Korea

SantinaDan
    $400 24
PTA

Dan
    $400 7
Andrew Jackson

Anita
    $400 11
Paul Newman

Santina
    $400 9
(Santina: What is painting?)
(Dan: What is poetry?)

photography

SantinaDan
Triple Stumper
    $600 20
South Africa

Dan
    $600 3
Castile

Dan
    $600 25
(Alex: We have a minute to go.)

curriculum

Anita
    $600 13
Andrew Carnegie

Dan
    $600 12
Gary Cooper

Anita
    $600 26
Oxford

Dan
    $800 21
Quebec

Triple Stumper
    $800 4
William Henry Harrison

Triple Stumper
    $1,000 28
Operation Headstart

Dan
    $800 14
the Erie Canal

Santina
    $800 16
(Dan: Who is William Devane?)
(Alex: Not a bad guess.)

Martin Sheen

Dan
Triple Stumper
    $800 27
"The Walrus and the Carpenter"

Triple Stumper
    $1000 22
Mexico

Triple Stumper
    $1000 5
Stephen Douglas

Dan
    $1000 29
Saint Elizabeth Ann Seton

Anita
    $1,500 15
(Santina: What is Little Big Horn?)

Wounded Knee

Santina
    $1000 17
Pearl White

Anita
    $1000 30
Euclid

Santina

Scores at the end of the Double Jeopardy! Round:

Santina Anita Dan
$1,500 $6,600 $6,500

[wagering suggestions for these scores]

Final Jeopardy! Round responses

SCIENTISTS
SantinaWho is Einstein?
$1,500
DanWho was Geiger
$3,400
AnitaWho was Richter?
$3,200
Charles Richter

Final scores:

Santina Anita Dan
$0 $9,800 $3,100
3rd place: GoldStar cellular phone New champion: $9,800 2nd place: Trip to Puerto Vallarta, Mexico

Game dynamics:

Coryat scores:

Santina Anita Dan
$3,000 $6,600 $6,600
10 R,
4 W
(including 1 DD)
19 R,
1 W
19 R
(including 1 DD),
3 W
(including 1 DD)

Combined Coryat: $16,200

The J! Archive is created by fans, for fans. The Jeopardy! game show and all elements thereof, including but not limited to copyright and trademark thereto, are the property of Jeopardy Productions, Inc. and are protected under law. This website is not affiliated with, sponsored by, or operated by Jeopardy Productions, Inc. Join the discussion at JBoard.tv.